[Event "Bundesliga 2425"]
[Site "Germany"]
[Date "2025.01.11"]
[Round "5.8"]
[White "Kramer, Julian"]
[Black "Albers, Sasa"]
[Result "1-0"]
[WhiteElo "2494"]
[BlackElo "2264"]
[PlyCount "169"]
[EventDate "2024.09.28"]
[EventType "team-tourn"]
[EventRounds "15"]
[EventCountry "GER"]
[SourceTitle "CB06_2025"]
[SourceDate "2025.02.05"]
[SourceVersion "1"]
[SourceVersionDate "2025.02.05"]
[SourceQuality "1"]
[WhiteTeam "Hamburger SK"]
[BlackTeam "Muelheim Nord"]
[WhiteTeamCountry "GER"]
[BlackTeamCountry "GER"]

1. e4 c6 2. d4 d5 3. exd5 cxd5 4. Bd3 Nc6 5. c3 Qc7 6. h3 e6 7. Nf3 Bd6 8. 0-0 Nge7 9. Re1 0-0 10. b3 Rd8 11. Bb2 Ng6 12. c4 Nf4 13. c5 Bf8 14. Bb5 f6 15. Qd2 Bd7 16. Nc3 Be8 17. Bf1 Bf7 18. g3 Ng6 19. b4 e5 20. Nb5 Qb8 21. dxe5 Ngxe5 22. Nbd4 Nc4 23. Qc3 Qc8 24. a3 N6e5 25. Nd2 b6 26. cxb6 axb6 27. Rac1 Qd7 28. f4 Nxd2 29. fxe5 fxe5 30. Qxd2 exd4 31. Qxd4 Qd6 32. Re5 Qg6 33. Re3 Rd6 34. Rc7 Re8 35. Rxe8 Bxe8 36. Kh2 Bd7 37. Bg2 Be6 38. Rb7 Bf7 39. Rb8 Qf6 40. Qxf6 gxf6 41. Bd4 Rc6 42. Bf1 Bg6 43. Bxb6 Kf7 44. Bd4 Rc2+ 45. Kg1 Bd6 46. Rb7+ Kf8 47. Bc5 Bxc5+ 48. bxc5 Rxc5 49. a4 Ra5 50. Rb4 Ke7 51. Kf2 Kd6 52. Bb5 Be4 53. Ke3 Ke5 54. g4 f5 55. gxf5 Bxf5 56. Rh4 Bg6 57. Bd3 Ra7 58. Bxg6 hxg6 59. Rb4 g5 60. Rg4 Kf5 61. Kd2 Rh7 62. Rg3 Ke4 63. a5 Ra7 64. Ra3 Ra6 65. Ra4+ d4 66. Ra3 Kd5 67. Rg3 Kc4 68. Rxg5 Rh6 69. Rg3 Kb4 70. Kd3 Kxa5 71. Kxd4 Kb6 72. Rc3 Re6 73. Kd5 Re1 74. h4 Rh1 75. Rc4 Re1 76. Kd6 Kb7 77. h5 Rh1 78. Rc5 Re1 79. Kd7 Kb6 80. Rc6+ Kb5 81. h6 Re2 82. Rg6 Rh2 83. Ke7 Kc5 84. Kf7 Kd5 85. Kg7 1-0

[Event "Bremen Silvester op-A"]
[Site "Bremen"]
[Date "2024.12.30"]
[Round "7"]
[White "Wielebinski, Paul Martin"]
[Black "Kramer, Julian"]
[Result "0-1"]
[WhiteElo "2067"]
[BlackElo "2480"]
[PlyCount "156"]
[EventDate "2024.12.27"]
[EventType "swiss"]
[EventRounds "7"]
[EventCountry "GER"]
[SourceTitle "CB01_2025"]
[SourceDate "2025.01.01"]
[SourceVersion "1"]
[SourceVersionDate "2025.01.01"]
[SourceQuality "1"]

1. e4 c5 2. Nf3 d6 3. d4 cxd4 4. Nxd4 Nf6 5. Nc3 Nc6 6. Bg5 e6 7. f4 h6 8. Bh4 Be7 9. Bf2 0-0 10. Bd3 e5 11. Nxc6 bxc6 12. fxe5 Ng4 13. exd6 Bxd6 14. Bg3 Bxg3+ 15. hxg3 Qb6 16. Qd2 Qxb2 17. Rb1 Qa3 18. Rb3 Qc5 19. Nd1 Be6 20. Rc3 Qe5 21. Qf4 Qa5 22. a3 Rfd8 23. Qd2 Ne5 24. Ne3 c5 25. Rh5 Qc7 26. Nd5 Bxd5 27. exd5 Ng4 28. Kd1 Nf6 29. Rh4 Nxd5 30. Rcc4 Qe5 31. Rhe4 Qa1+ 32. Ke2 Nf6 33. Rf4 Re8+ 34. Kf2 Rad8 35. c3 Rd6 36. g4 Red8 37. Rf3 Qh1 38. Rh3 Qb1 39. Bxb1 Rxd2+ 40. Kg3 Rb2 41. Rh1 g6 42. Rf4 Kg7 43. Rhf1 Rd6 44. Be4 Rb3 45. Bf3 Rxc3 46. Ra4 Rd7 47. Rb1 Nh7 48. Kh2 Ng5 49. Bc6 Rc7 50. Bd5 Rd3 51. Bc4 Rd4 52. Bb5 Rb7 53. Rxd4 cxd4 54. Rb4 Ne6 55. Kg3 Kf6 56. Kf3 Ke5 57. Be8 Ng5+ 58. Ke2 Re7 59. Ba4 Kf4+ 60. Kd3 Re3+ 61. Kxd4 Rxa3 62. Kd5+ Kg3 63. Ke5 Kxg2 64. Kf6 a5 65. Rc4 Kg3 66. Kg7 h5 67. gxh5 gxh5 68. Kh6 Nf3 69. Kxh5 f5 70. Bd1 f4 71. Rc8 Rd3 72. Ba4 Rd5+ 73. Kg6 Nh4+ 74. Kf6 f3 75. Ke6 f2 76. Kxd5 f1Q 77. Rc5 Qd3+ 78. Kc6 Qe4+ 0-1

[Event "EU-ch 24th"]
[Site "Petrovac"]
[Date "2024.11.18"]
[Round "10"]
[White "Damjanovic, Vuk"]
[Black "Kramer, Julian"]
[Result "1/2-1/2"]
[WhiteElo "2364"]
[BlackElo "2503"]
[PlyCount "68"]
[EventDate "2024.11.08"]
[EventType "swiss"]
[EventRounds "11"]
[EventCountry "MNE"]
[SourceTitle "CB47_2024"]
[SourceDate "2024.11.20"]
[SourceVersion "1"]
[SourceVersionDate "2024.11.20"]
[SourceQuality "1"]

1. e4 e6 2. d4 d5 3. exd5 exd5 4. Nf3 Nf6 5. Bd3 c5 6. c3 c4 7. Bc2 Bd6 8. Qe2+ Qe7 9. Qxe7+ Kxe7 10. 0-0 Re8 11. Re1+ Kf8 12. Rxe8+ Kxe8 13. Bg5 Nbd7 14. Nbd2 h6 15. Bh4 Nh5 16. Re1+ Kf8 17. Nf1 g5 18. Bg3 Nxg3 19. Nxg3 Bxg3 20. hxg3 Nf6 21. a4 Bd7 22. Ne5 Be8 23. Nf3 Rc8 24. Nd2 b6 25. Nf1 Bd7 26. Ne3 Rb8 27. Ra1 Ke7 28. f3 h5 29. Kf2 Kd6 30. Ke2 Re8 31. Kd2 Rg8 32. Ke2 Re8 33. Kd2 Rg8 34. Ke2 Re8 1/2-1/2

[Event "EU-ch 24th"]
[Site "Petrovac"]
[Date "2024.11.08"]
[Round "1"]
[White "Kramer, Julian"]
[Black "Lundin, Jan"]
[Result "1/2-1/2"]
[WhiteElo "2503"]
[BlackElo "2175"]
[PlyCount "69"]
[EventDate "2024.11.08"]
[EventType "swiss"]
[EventRounds "11"]
[EventCountry "MNE"]
[SourceTitle "CB47_2024"]
[SourceDate "2024.11.20"]
[SourceVersion "1"]
[SourceVersionDate "2024.11.20"]
[SourceQuality "1"]

1. e4 e5 2. Nf3 Nc6 3. Bc4 Nf6 4. d3 h6 5. 0-0 d6 6. a4 g5 7. a5 a6 8. c3 Bg7 9. Qb3 Qe7 10. Re1 Nd7 11. Qd1 Nf6 12. Nfd2 Be6 13. Nf1 d5 14. exd5 Nxd5 15. Qb3 0-0-0 16. Qc2 Nf4 17. Bxf4 gxf4 18. Bxe6+ Qxe6 19. d4 Qg6 20. Qxg6 fxg6 21. dxe5 Nxe5 22. Na3 Rd5 23. Re4 g5 24. b4 Rhd8 25. Rc1 Rd1 26. Re1 Rxe1 27. Rxe1 Nd3 28. Re4 Bxc3 29. Nc2 Ne5 30. g3 Rd1 31. gxf4 Nf3+ 32. Kg2 Nh4+ 33. Kg1 Nf3+ 34. Kg2 Nh4+ 35. Kg1 1/2-1/2

[Event "Maastricht Limburg 16th"]
[Site "Maastricht"]
[Date "2024.05.19"]
[Round "8"]
[White "Kramer, Julian"]
[Black "Fier, Alexandr"]
[Result "1/2-1/2"]
[WhiteElo "2479"]
[BlackElo "2574"]
[PlyCount "22"]
[EventDate "2024.05.15"]
[EventType "tourn"]
[EventRounds "9"]
[EventCountry "NED"]
[EventCategory "8"]
[SourceTitle "CBM 220 Extra"]
[Source "ChessBase"]
[SourceDate "2024.07.31"]
[SourceVersion "1"]
[SourceVersionDate "2024.07.31"]
[SourceQuality "1"]

1. e4 c5 2. Nf3 d6 3. Bb5+ Bd7 4. Bxd7+ Nxd7 5. 0-0 Ngf6 6. Qe2 e6 7. b3 g6 8. Bb2 Bg7 9. d4 cxd4 10. Nxd4 Nc5 11. Nd2 0-0 1/2-1/2

[Event "Maastricht Limburg 16th"]
[Site "Maastricht"]
[Date "2024.05.19"]
[Round "7"]
[White "Van Meegen, Ruud"]
[Black "Kramer, Julian"]
[Result "0-1"]
[WhiteElo "2291"]
[BlackElo "2479"]
[PlyCount "94"]
[EventDate "2024.05.15"]
[EventType "tourn"]
[EventRounds "9"]
[EventCountry "NED"]
[EventCategory "8"]
[SourceTitle "CBM 220 Extra"]
[Source "ChessBase"]
[SourceDate "2024.07.31"]
[SourceVersion "1"]
[SourceVersionDate "2024.07.31"]
[SourceQuality "1"]

1. Nf3 Nf6 2. g3 g6 3. b3 Bg7 4. Bb2 d6 5. d4 c5 6. Bg2 Qa5+ 7. Qd2 Qxd2+ 8. Nbxd2 Nfd7 9. 0-0 Nc6 10. e3 0-0 11. Rab1 a5 12. a4 Rb8 13. Rfd1 b6 14. dxc5 Bxb2 15. Rxb2 bxc5 16. Nc4 Ba6 17. Nfd2 Nde5 18. Bf1 Nxc4 19. Bxc4 Bc8 20. Bb5 Na7 21. Nc4 Nxb5 22. axb5 Rxb5 23. Ra1 Bf5 24. Rxa5 Rxa5 25. Nxa5 Ra8 26. Nc4 Ra1+ 27. Kg2 Rc1 28. Na3 g5 29. f3 Ra1 30. Nc4 Be6 31. Nd2 Rd1 32. c4 g4 33. Kf2 Kg7 34. f4 Rh1 35. Nf1 Bf5 36. Rd2 Be4 37. Rd5 f5 38. Rd2 Kf7 39. Rd1 Ke6 40. Ra1 Kd7 41. Ra7+ Kd8 42. Ra1 Kc8 43. Ra2 Kb7 44. Ra1 Kb6 45. Rd1 h6 46. Rd2 Ka5 47. Ke2 Kb4 0-1